Discographie de Michael Jackson - Statistiques

Statistiques générales
  • Ce quiz a été pris 80 fois
  • Le résultat moyen est 50 sur 169
Statistiques - réponses
Réponse Date de sortie % Correct
Thriller 1983
94%
Bad 1987
87%
Billie Jean
87%
Beat It
79%
Smooth Criminal
74%
Rock with You
72%
Rock With You
72%
Dirty Diana
70%
Off the Wall 1979
70%
Dangerous 1991
68%
Black or White
64%
Human Nature
64%
P.Y.T. (Pretty Young Thing)
64%
Remember the Time
64%
Heal the World
62%
Scream feat. Janet Jackson
62%
Wanna Be Startin' Somethin'
62%
Ben 1972
60%
The Girl Is Mine (with Paul McCartney) with Paul McCartney
57%
Man in the Mirror
55%
Earth Song
53%
Liberian Girl
53%
The Way You Make Me Feel
53%
Baby Be Mine
49%
Don't Stop 'Til You Get Enough
49%
They Don't Care About Us
49%
Leave Me Alone
47%
Speed Demon
47%
Chicago
45%
Chicago (Version Originale) Version Originale
45%
In the Closet
45%
You Rock My World
45%
The Lady in My Life
43%
Who Is It
43%
Invincible 2001
40%
Jam
40%
Stranger in Moscow
40%
Another Part of Me
38%
History
38%
HIStory: Past, Present and Future – Book I 1995
38%
I Just Can't Stop Loving You (feat. Siedah Garett) feat. Siedah Garett
38%
You Are Not Alone
38%
Love Never Felt So Good
36%
Love Never Felt So Good (Version Originale) Version Originale
36%
Just Good Friends
34%
Workin' Day and Night
30%
XSCAPE 2014
30%
Xscape
30%
Xscape (Version Originale) Version Originale
30%
Unbreakable
28%
Burn This Disco Out
26%
Butterflies
26%
Childhood (Theme from "Free Willy 2") Theme from "Free Willy 2"
26%
Girlfriend
23%
She's Out of My Life
23%
She's Out Of My Life
23%
Slave to the Rhythm
23%
Slave to the Rhythm (Version Originale) Version Originale
23%
Will You Be There
23%
Get on the Floor
21%
Give In to Me
21%
Heaven Can Wait
21%
I Can't Help It
21%
Keep the Faith
21%
Michael 2010
19%
Music & Me 1973
19%
Music And Me
19%
Smile
19%
Tabloid Junkie
19%
Why You Wanna Trip on Me
19%
Break of Dawn
17%
Come Together
17%
Cry
17%
Forever Michael 1975
17%
Gone Too Soon
17%
Little Susie
17%
Money
17%
Whatever Happens
17%
2 Bad
15%
A Place With No Name
15%
A Place With No Name (Version Originale) Version Originale
15%
Behind the Mask
15%
Can't Let Her Get Away
15%
Rockin' Robin
15%
Speechless
15%
Blue Gangsta
13%
Blue Gangsta (Version Originale) Version Originale
13%
D.S.
13%
Hold My Hand (with Akon) with Akon
13%
Hollywood Tonight
13%
It's the Falling in Love
13%
Loving You
13%
Loving You (Version Originale) Version Originale
13%
She Drives Me Wild
13%
This Time Around
13%
2000 Watts
11%
Ain't No Sunshine
11%
Monster (feat. 50 Cent) feat. 50 Cent
11%
Privacy
11%
Take Me Back
11%
The Lost Children
11%
You Are My Life
11%
Dear Michael
9%
Don't Walk Away
9%
Do You Know Where Your Children Are
9%
Do You Know Where Your Children Are (Version Originale) Version Originale
9%
Greatest Show On Earth
9%
(I Can't Make It) Another Day (feat. Lenny Kravitz) feat. Lenny Kravitz
9%
One Day In Your Life
9%
Threatened
9%
We're Almost There
9%
Best of Joy
6%
Cinderella Stay Awhile
6%
Dapper Dan
6%
Euphoria
6%
(I Like) The Way You Love Me
6%
In Our Small Way
6%
Johnny Raven
6%
Much Too Soon
6%
People Make The World Go 'Round
6%
We've Got A Good Thing Going
6%
You Can Cry On My Shoulder
6%
All The Things You Are
4%
Breaking News
4%
Doggin' Around
4%
Everybody's Somebody's Fool
4%
Get To Be There 1972
4%
Happy (Love Theme from "Lady Sings the Blues")
4%
Heartbraker
4%
I Wanna be Where You Are
4%
Just A Little Bit Of You
4%
Maria (You Were The Only One)
4%
My Girl
4%
Too Young
4%
Up Again
4%
We've Got Forever
4%
Wings Of My Love
4%
With A Child's Heart
4%
You've Got A Friend
4%
Girl Don't Take Your Love From Me
2%
I'll Come Home To You
2%
Keep You Head Up
2%
Love Is Here And Now You're Gone
2%
Morning Glow
2%
Shoo-Be-Doo-Be-Doo-Da-Day
2%
What Goes Around Comes Around
2%
You Are There
2%
I Just Can't Loving You
0%
Aucun quiz correspondant
Distribution des résultats
% des personnes avec chaque résultat
Percentile par nombre de réponses
Votre historique - résultats
Vous n’avez pas pris ce quiz